000 00531nam a22001937a 4500
003 KOHA_MİRAKIL
005 20251104155845.0
008 251104b tu ||||| |||| 00| 0 tur d
020 _a9786053422716
040 _aTR-AnABB
_btur
_cTR-AnABB
041 _atur
082 _a813.42
_bTEK 2018
100 1 _aTekelioğlu, Veysel,
245 1 0 _aYitik balta /
_cVeysel Tekelioğlu
260 _aAnkara :
_bAkçağ Yayınevi,
_c2018
300 _a291 sayfa ;
_c21 cm
650 0 4 _aTürk edebiyatı, roman
942 _2ddc
_cBK
999 _c9267
_d9267
900 _bGizem YORULMAZ